Toward greater peace and Security in Colombia : (Registro nro. 5002)
[ vista simple ]
| 000 -LEADER | |
|---|---|
| fixed length control field | 01194nam a2200289Ia 4500 |
| 003 - CONTROL NUMBER IDENTIFIER | |
| control field | OSt |
| 005 - DATE AND TIME OF LATEST TRANSACTION | |
| control field | 20200508114414.0 |
| 008 - FIXED-LENGTH DATA ELEMENTS--GENERAL INFORMATION | |
| fixed length control field | 191128s2000 eu gr 000 0 spa d |
| 040 ## - CATALOGING SOURCE | |
| Original cataloging agency | CO-JMCR |
| Transcribing agency | CO-JMCR |
| 041 0# - LANGUAGE CODE | |
| Language code of text/sound track or separate title | eng |
| 082 04 - DEWEY DECIMAL CLASSIFICATION NUMBER | |
| Classification number | 327.7308 / |
| Item number | G738t |
| Edition number | 23 |
| 100 1# - MAIN ENTRY--PERSONAL NAME | |
| Personal name | Graham, Bob, |
| Relator term | autor |
| 9 (RLIN) | 4111 |
| 245 10 - TITLE STATEMENT | |
| Title | Toward greater peace and Security in Colombia : |
| Remainder of title | forging a constructive U.S. policy / |
| Statement of responsibility, etc. | Bob Graham, Brent Scowcroft, Michael Shifter |
| 260 ## - PUBLICATION, DISTRIBUTION, ETC. | |
| Place of publication, distribution, etc. | Washington : |
| Name of publisher, distributor, etc. | Council on foreign relations, |
| Date of publication, distribution, etc. | 2000 |
| 300 ## - PHYSICAL DESCRIPTION | |
| Extent | 42 páginas ; |
| Dimensions | 22 cm. |
| 490 0# - SERIES STATEMENT | |
| Series statement | Task force report |
| 505 0# - FORMATTED CONTENTS NOTE | |
| Formatted contents note | Acknowledgments -- Task force report -- Additional views -- Dissenting view -- Task force members and observers -- Colombian Advisers |
| 650 14 - SUBJECT ADDED ENTRY--TOPICAL TERM | |
| Topical term or geographic name entry element | Asistencia económica |
| Geographic subdivision | Colombia |
| 9 (RLIN) | 4112 |
| 650 14 - SUBJECT ADDED ENTRY--TOPICAL TERM | |
| Topical term or geographic name entry element | Asistencia militar |
| Geographic subdivision | Colombia |
| 9 (RLIN) | 4113 |
| 650 14 - SUBJECT ADDED ENTRY--TOPICAL TERM | |
| Topical term or geographic name entry element | Control de drogas y narcóticos |
| Geographic subdivision | Colombia |
| 9 (RLIN) | 4114 |
| 650 14 - SUBJECT ADDED ENTRY--TOPICAL TERM | |
| Topical term or geographic name entry element | Conflicto armado |
| Geographic subdivision | Colombia |
| 9 (RLIN) | 4115 |
| 650 14 - SUBJECT ADDED ENTRY--TOPICAL TERM | |
| Topical term or geographic name entry element | Redes de computadores |
| Geographic subdivision | Colombia |
| 9 (RLIN) | 4116 |
| 650 14 - SUBJECT ADDED ENTRY--TOPICAL TERM | |
| Topical term or geographic name entry element | Estados Unidos |
| General subdivision | relaciones exteriores |
| 9 (RLIN) | 4117 |
| 700 1# - ADDED ENTRY--PERSONAL NAME | |
| Personal name | Scowcroft, Brent, |
| Relator term | autor |
| 9 (RLIN) | 4118 |
| 700 1# - ADDED ENTRY--PERSONAL NAME | |
| Personal name | Shifter, Michael, |
| Relator term | autor |
| 9 (RLIN) | 4119 |
| 942 ## - ADDED ENTRY ELEMENTS (KOHA) | |
| Source of classification or shelving scheme | Dewey Decimal Classification |
| Koha item type | Books |
| Withdrawn status | Lost status | Source of classification or shelving scheme | Damaged status | Not for loan | Collection code | Home library | Current library | Date acquired | Source of acquisition | Cost, normal purchase price | Total Checkouts | Full call number | Barcode | Date last seen | Copy number | Koha item type |
|---|---|---|---|---|---|---|---|---|---|---|---|---|---|---|---|---|
| Dewey Decimal Classification | Non-fiction | Biblioteca Pública José María del Castillo y Rada | Biblioteca Pública José María del Castillo y Rada | 04/15/2018 | Donación | 0.00 | 327.7308 / G738t | 430001126 | 05/16/2024 | Ej.1 | Books |